000
00263nam a22001097a 4500
082
_a
621.381 ELE'S
100
_a
SIEMENS
_9
75515
245
_a
ELECTROMECHANICAL COMPONENTS FOR ELECTRONIC EQUIPMENT
260
_a
USA
_b
SIEMENS
_c
1981
300
_a
523P
942
_c
BK
999
_c
580915
_d
580915